| 000 | 01190nam a2200337 4500 | ||
|---|---|---|---|
| 003 | OSt | ||
| 005 | 20260601193527.0 | ||
| 008 | 260421b1972 enka|||| |||| 00| 0 eng d | ||
| 040 |
_aICI _bspa _cICI |
||
| 050 |
_aNC998.5. _bP46 1972 |
||
| 100 | 1 |
_aFletcher, Alan, _d1931-2006 _935887 |
|
| 245 | 1 |
_aPentagram : _bthe work of five designers |
|
| 250 | _a1a edición | ||
| 260 |
_aLondon _bLund Humphries _c1972 |
||
| 300 |
_a1 volumen (varias páginas) _c20cm. |
||
| 336 |
_atexto _2rdacontent |
||
| 337 |
_asin medio _2rdamedia |
||
| 338 |
_avolumen _2rdacarrier |
||
| 500 | _aObra que documenta el trabajo del colectivo de diseño Pentagram. | ||
| 610 |
_aPentagram (Firma de diseño) _935888 |
||
| 650 |
_aDiseño gráfico _xHistoria _ySiglo XX. _935889 |
||
| 650 |
_aDiseño industrial _xHistoria _ySiglo XX. _935890 |
||
| 650 |
_aDiseñadores _xTrabajo colectivo. _935891 |
||
| 700 | 1 |
_aFletcher, Alan, _d1931-2006 _935887 |
|
| 700 | 1 |
_aForbes, Colin, _d1924-2004 _935892 |
|
| 700 | 1 |
_aKurlansky, Mervyn, _d1933-2013 _935893 |
|
| 700 | 1 |
_aCrosby, Theo, _d1925-1994 _935894 |
|
| 700 | 1 |
_aGrange, Kenneth, _d1929- _935895 |
|
| 710 |
_aPentagram (Firma de diseño) _935888 |
||
| 942 |
_2lcc _cB |
||
| 999 |
_c21216 _d21216 |
||